000 00493nam a2200193 a 4500
001 1767765542743
003 YourLibrary
005 20260107144640.0
008 260107s1997##################000#0#eng##
020 _a9780691005300
082 0 4 _a301
_bJER
100 1 _aJervis, Robert,
_eauthor.
245 1 0 _aSystem Effects :
260 _bPrinceton University Press,
_c1997.
300 _a324 pages
650 0 _aPhilosophy.
942 _cENGLISH
040 _aYourLibrary
_beng
_cYourLibrary
999 _c607535
_d607535